00211nam a2200085Ia 4500082001600000245003300016260004200049300000900091710002500100 aRR 968 DRK- 0aDakshin africa or rang bheid aNew DelhibLok sabha sachivalyac1987 a146p aLok sabha sachivalya